Χριστιανική αγωγή και σύγχρονος κόσμος : θέματα θεωρίας και πράξης της χριστιανικής αγωγής
Αποθηκεύτηκε σε:
| Κύριος συγγραφέας: | |
|---|---|
| Μορφή: | Βιβλίο |
| Γλώσσα: | Greek |
| Δημοσίευση: |
Αθήνα :
Αρμός,
1994
|
| Θέματα: | |
| Ετικέτες: |
Προσθήκη ετικέτας
Δεν υπάρχουν, Καταχωρήστε ετικέτα πρώτοι!
|
MARC
| LEADER | 00000cam a2200000 i 4500 | ||
|---|---|---|---|
| 001 | 1/13414 | ||
| 008 | 001129s1994 gr | ||| |||| ||gre|| | ||
| 020 | |a 9607102606 | ||
| 035 | |l 10064611 | ||
| 040 | |a GR-MY-UA |b gre |e aacr | ||
| 041 | 0 | |a gre | |
| 082 | 0 | |a 291.75 | |
| 100 | 1 | |a Περσελής, Εμμανουήλ Π. | |
| 245 | 1 | 0 | |a Χριστιανική αγωγή και σύγχρονος κόσμος : |b θέματα θεωρίας και πράξης της χριστιανικής αγωγής / |c Εμμανουήλ Π. Περσελή |
| 260 | |a Αθήνα : |b Αρμός, |c 1994 | ||
| 300 | |a 296 σ. | ||
| 650 | 0 | 0 | |a Religious education |x History |y 19th century. |
| 650 | 0 | 0 | |a Church and education |z Greece |x History |y 19th century. |
| 852 | |a INST |b RHODES |e 20001129 |h 291.75 ΠΕΡ |p 005400017631 |q 005400017631 |t BK |y 0 | ||
| 901 | |a BIBL4-2000-3 | ||
| 909 | |a Ρ |b 081131 | ||
| 922 | |a 4ΕΛΗ |b 200010 |c ΚΠΣ/ΔΕ | ||
| 970 | |a ΚΟΥΛΑΚΙΟΤΗ |b ΛΙΤΣΑ |z 2000/11/29 | ||